Normal view MARC view
  • Goyau, Georges,

Entry Nombre Personal

Number of records used in: 1

001 - NUMERO DE CONTROL

  • campo de control: 47211

003 - IDENTIFICADOR DE NUMERO DE CONTROL

  • campo de control: MX-MxUPN

005 - FECHA Y HORA DE LA ÜLTIMA TRANSACCIÓN

  • campo de control: 20221028144703.0

008 - DATOS DE LONGITUD FIJA

  • campo de control de longitud fija: 221028|| aca||aabn | aaa d

040 ## - FUENTE DE CATALOGACIÓN

  • Agencia original de catalogación: MX-MxUPN
  • Lenguaje de catalogación: spa
  • Agencia de transcripción: MX-MxUPN

100 1# - ENCABEZAMIENTO - NOMBRE PERSONAL

  • Nombre personal: Goyau, Georges,
  • Fechas asociadas con el nombre: 1869-1939

670 ## - FUENTE EN LA QUE SE LOCALIZARON DATOS

  • Cita de la fuente: La escuela de hoy, 1905:
  • Información localizada: portada (Georges Goyau)

902 ## - CATALOGADOR

  • Catalogador: Víctor Ruiz/281022